| 000 | 00559nam a2200205Ia 4500 | ||
|---|---|---|---|
| 003 | OSt | ||
| 005 | 20240615105333.0 | ||
| 008 | 210210b1999 xxu||||| |||| 00| 0 eng d | ||
| 040 | _cAL | ||
| 041 | _aKannada | ||
| 082 | _aK894.9 MANB | ||
| 100 |
_aMANU BALIGAR. _dಮನು ಬಳಿಗಾರ್ _9170964 |
||
| 245 |
_aBahumukhi. _bಬಹುಮುಖಿ. |
||
| 260 |
_aBelagavi. _bParamashankara Prakashana., _c1999 |
||
| 300 | _a213 | ||
| 650 |
_ashivarama karanta _9170965 |
||
| 690 |
_aKannada Criticism _9170966 |
||
| 906 | _a058129 | ||
| 942 |
_2ddc _cBK |
||
| 999 |
_c105664 _d105664 |
||